00822nam a22002297a 450000500170000000800410001701000320005802000230009002000260011303500130013903500170015203700150016903700210018404000120020508200130021710000200023024501800025026000380043027000800046830000250054850000190057320080603121855.0080603t xxu||||| |||| 00| 0 eng d aENG-90264 B-309732-751 a818767167Xc250.00 a9798187671670c250.00 aEN-73797 aB-309732-751 bDBAD / PUB bWestland Limited aDPLbEN a616.238  aHannaway, Paul  aWhat to do when the doctor says it's Asthma:beverything you need to know about medicines, allergies, food and exercise to breathe more easily every day / cby Paul Hannaway  aNew Delhi bWestland Books c2004 aF-5, Okhla Industrial Area, Phase-I, Mezzanice Floor, bNew Delhi e110020 a288p.c25 cm. (pbk)  aIncludes index